000 00278nam a2200109Ia 4500
008 200302s9999 xx 000 0 und d
100 _aAndreas C. Papadakis
245 _aA New Spirit in Architecture
260 _bAcademy Edition Martins press
260 _c1991
300 _a96 P.,
999 _c5466
_d5466